Konstrukce a realizace odrušovacích filtrů

Bibliographic Details
Main Author: Papež, Václav (Author)
Format: Article
Language:Czech
PhysicalDescription:Grafy, obr., tab.
ISBN:808068006X
Subjects:

MARC

LEADER 00000cab a2200000 a 4500
001 vtls010653208
003 SK-MaSNL
005 20260318124631.0
008 150209c2001 xo wr p 000 a0cze
015 |a SNBRA2015/02 
038 |a SVKPOCL 
040 |a SVKPOCL  |b slo  |c SVKPOCL  |d SVKPOCL  |e AACR2 
041 0 |a cze  |b cze 
044 |a xo  |c SK 
080 |a 621.37.023  |2 2001 
080 |a 621.38  |2 2001 
080 |a 80(=16)+908(4)  |2 2001 
080 |a (048.8)  |2 2001 
100 1 |a Papež, Václav  |4 aut  |9 772994 
245 1 0 |a Konstrukce a realizace odrušovacích filtrů  |c Václav Papež, ČR ; lektorval: Břetislav Syrovátka 
300 |b Grafy, obr., tab. 
500 |a Obsahuje abstrakt v agličtine 
504 |a Bibliogr. odkazy 
546 |a Res. čes. 
650 0 7 |a vysokofrekvenčná technika  |2 svkpocl  |9 66627 
650 0 7 |a Filtre  |2 svkpocl  |9 494183 
650 0 7 |a slavistika  |2 svkpocl  |9 4282 
650 0 7 |a elektronické súčiastky  |2 svkpocl  |9 3922 
655 7 |a štúdie  |2 svkpocl  |9 57033 
700 1 |a Syrovátka, Břetislav,  |d 1935-  |4 oth  |9 61296 
773 0 |a Pavelka, Jozef, 1937- (ed)  |t Ôsmy DIDMATTECH 2000 : [zborník príspevkov z Medzinárodnej konferencie DIDMATTECH 2000, konanej v Prešove 5.-6. 9. 2000]. Časť II.  |d Prešov : Fakulta humanitných a prírodných vied Prešovskej univerzity, 2001  |g S. 284-287  |z 808068006X 
852 |a SVKPO  |b KIS3GCP 
958 |a SK 
958 |a SS 
958 |a NB 
958 |a CZ 
999 |c 2227971  |d 2229901